000 00666nam a22002537a 4500
003 UA-OsUOA
001 26887
007 ta
008 20040610b un ||||| |||| 00| 0 ukr d
100 _aЛозниця В.С.
090 _a159.9:658(075.8)
_bЛ72
942 _cBK
040 _aUA-OsUOA
_bukr
_cUA-OsUOA
_dUA-OsUOA
245 _aПсихологія менеджменту
_bнавчальний посібник
300 _a248 с.
955 _a2
041 _aukr
080 _a159.9:658(075.8)
020 _a966-574-075-Х
260 _aКиїв
_bКНЕУ
_c1997
044 _aUA
650 7 _a159.9 Психологія
_2UDC
999 _c313223
_d313223